| 000 | 00435cam a2200169ua 4500 | ||
|---|---|---|---|
| 020 | _c2.25 | ||
| 041 |
_amal _h |
||
| 082 |
_a894.812 _bBAS/CH |
||
| 100 | _aBaskara Pillai, K . | ||
| 245 |
_aChattambi Swamikal / _cK Baskara Pillai. _hTextual Documents |
||
| 260 |
_aKottayam : _bSahitya Pravarthaka Co-operative Society , _c1960. |
||
| 300 | _a176 ; . | ||
| 365 | _a2.25 | ||
| 504 | _a | ||
| 942 | _cBK | ||
| 999 |
_c6306 _d6306 |
||